| 000 | 01074nam0a22003011 4500 | ||
|---|---|---|---|
| 001 | RU\NLR\INFOCOMM_161\5000048469 | ||
| 005 | 20250613091921.0 | ||
| 035 | _a(NLR Aleph) 009137433 | ||
| 090 |
_a8314886 _c8314886 |
||
| 100 | _a20090915d1979 |||y0rusy50 ca | ||
| 101 | 1 | _aeng | |
| 102 | _aRU | ||
| 105 | _aa ||||000|y | ||
| 200 | 1 |
_aVladimir Golubnichy _f[Comp. by Ye. Bogatyryov _gTransl. from the Russ. by Christopher English] |
|
| 210 |
_aМ. _cProgress _dCop.1979 |
||
| 215 |
_a[48] с. _cил., цв. ил., портр. _d24 см |
||
| 225 | 1 | _aOlympic heroes | |
| 300 | _aВ вып. дан.: Владимир Голубничий / Е. Богатырев | ||
| 300 | _aАвт. указан на 2-й с. обл. | ||
| 686 |
_aЧ517.116.3(2)-8Голубничий _2rubbk |
||
| 700 | 1 |
_aBogatyrev _bE. G. _gEvgenij Grigor'evič _4070 |
|
| 702 | 1 |
_9z05790 _aGolubničij _bV. _gVladimir _4570 |
|
| 790 | 1 |
_9z05702 _aGolunbnichy _bV. _gVladimir _4245 |
|
| 801 | 1 |
_aRU _bNLR _c20090915 |
|
| 801 | 0 |
_aRU _bNLR _gPSBO |
|
| 852 |
_aNLR _jФк01 Д-8/35 |
||
| 942 | _cBOOK | ||
| 980 | _aNB | ||